Traffic control roadway elements / (Record no. 528069)

000 -LEADER
fixed length control field 00380nam a22001337a 4500
003 - CONTROL NUMBER IDENTIFIER
control field NUST
038 ## - RECORD CONTENT LICENSOR
Staff Name M.Ramzan
082 ## - DEWEY DECIMAL CLASSIFICATION NUMBER
Classification number 625.794
Author Mark AUT
100 ## - MAIN ENTRY--PERSONAL NAME
Personal name The Automotive safety Foundation /
9 (RLIN) 19602
245 ## - TITLE STATEMENT
Title Traffic control roadway elements /
Statement of responsibility, etc. Automotive safety Foundation
260 ## - PUBLICATION, DISTRIBUTION, ETC.
Place of publication, distribution, etc. USA
Name of publisher, distributor, etc. Automotive safety Foundation
Date of publication, distribution, etc. 1963
300 ## - PHYSICAL DESCRIPTION
Extent 124 p, :
Dimensions 25cm
942 ## - ADDED ENTRY ELEMENTS (KOHA)
Source of classification or shelving scheme
Koha item type Book
Holdings
Withdrawn status Lost status Source of classification or shelving scheme Damaged status Not for loan Permanent Location Current Location Date acquired Total Checkouts Full call number Barcode Date last seen Price effective from Koha item type
          School of Civil and Environmental Engineering (SCEE) School of Civil and Environmental Engineering (SCEE) 08/27/2019   625.794 AUT NIT-10202 08/27/2019 08/27/2019 Book
© 2023 Central Library, National University of Sciences and Technology. All Rights Reserved.